00864 2200229 4500001002100000005001700021008004100038035002400079082001200103090002300115100001600138245020900154260002800363300003100391500012800422500002900550650001600579850000900595985000600604986000900610999001500619YOGYA-0209000007228220090227093619.0 ind  0010-020900000072282 a338.312 a338.312bIst PlSK aISTININGSIH aPerbedaan kepatuhan terhadap peraturan lalu lintas jalan raya siswa SMA Negeri Sewon Bantul Yogyakarta berdasarkan partisipasi dan kedudukan siswa dalam kegiatan patroli keamanan sekolahcoleh Istiningsih aYogyakartab[s.n]c1994 axiii,126lembarbilusc29cm aSkripsi Program studi PMP dan KN fakultas Pendidikan IlmuPengetahuan Sosial Institut keguruan danilmu pendidikan Yogyakarta aBibliografi:lembar 82-84 aLalu Lintas aBPAD a1 aheru a08A0036141